000 00729nam a2200253Ia 4500
003 OSt
005 20220918220532.0
006 a|||||r|||| 00| 0
007 ta
008 220917b |||||||| |||| 00| 0 eng d
024 _a146,295
037 _cTextual
040 _aARTS
_cARTS
_beng
041 _2eng
_aeng
082 _aYX0aW:35, L6
100 _aThursz Daniel Ed.
_9137706
245 0 _aMeeting human needs
260 _aLondon
_bSage
_c1976
490 _aSocial service delivery system: An international annual; 2
650 _aSOCIOLOGY
700 _a Vigilante Joseph Ed.
_9137707
942 _hYX0aW:35, L6
_cTEXL
_2CC
999 _c269051
_d269051